Statystyki dla 5 kraji każdego kontynentu według zarażonych koronowirusem

Kliknij tutaj aby rozwiązać quiz!

Ogólne statystyki

  • Ten quiz został rozwiązany 91 razy
  • Średni wynik to 16 z 23

Statystyki odpowiedzi

KontynentLiczba ZarażonychKraj% Poprawnych
Azja80 tysChiny
97%
Europa157Niemcy
90%
Europa2 tysWłochy
90%
Ameryka Płn27Kanada
86%
Azja274Japonia
83%
Oceania33Australia
82%
Europa191Francja
82%
Ameryka Płn5Meksyk
82%
Ameryka Płn96Stany
81%
Ameryka Płd2Brazylia
80%
Europa120Hiszpania
80%
Azja4,3 tysKorea Południowa
80%
Afryka2Egipt
78%
Oceania1Nowa Zelandia
73%
Europa40Wielka Brytania
73%
Azja1,5 tysIran
58%
Afryka1Nigeria
58%
Afryka3Algieria
57%
Ameryka Płd6Ekwador
50%
Ameryka Płn1Dominikana
43%
Afryka1Tunezja
42%
Afryka1Senegal
21%
Azja108Singapur
17%

Rozkład punktacji

Percentyl według liczby udzielonych odpowiedzi

Procent ludzi z każdym wynikiem

Twoja historia wyników

Nie rozwiązałeś tego quizu